|
|
|
|
| LEADER |
01162nam a2200325Ia 4500 |
| 001 |
EBC420091 |
| 003 |
MiAaPQ |
| 005 |
20200520144314.0 |
| 006 |
m o d | |
| 007 |
cr cn||||||||| |
| 008 |
070330s2005 ne a sb 001 0 eng d |
| 020 |
|
|
|z 9789085551119
|
| 035 |
|
|
|a (MiAaPQ)EBC420091
|
| 035 |
|
|
|a (Au-PeEL)EBL420091
|
| 035 |
|
|
|a (CaPaEBR)ebr10182194
|
| 035 |
|
|
|a (CaONFJC)MIL95866
|
| 035 |
|
|
|a (OCoLC)437106917
|
| 040 |
|
|
|a MiAaPQ
|c MiAaPQ
|d MiAaPQ
|
| 050 |
|
4 |
|a HD1251
|b .I6 2005
|
| 245 |
0 |
0 |
|a In pursuit of land tenure security
|h [electronic resource] /
|c Henri Dekker.
|
| 260 |
|
|
|a Amsterdam :
|b Amsterdam University Press,
|c 2005.
|
| 300 |
|
|
|a xviii, 249 p. :
|b ill.
|
| 504 |
|
|
|a Includes bibliographical references and index.
|
| 533 |
|
|
|a Electronic reproduction. Ann Arbor, MI : ProQuest, 2015. Available via World Wide Web. Access may be limited to ProQuest affiliated libraries.
|
| 650 |
|
0 |
|a Land tenure.
|
| 650 |
|
0 |
|a Land use, Rural.
|
| 655 |
|
4 |
|a Electronic books.
|
| 700 |
1 |
|
|a Dekker, Henri.
|
| 710 |
2 |
|
|a ProQuest (Firm)
|
| 856 |
4 |
0 |
|u https://ebookcentral.proquest.com/lib/matrademy/detail.action?docID=420091
|z Click to View
|